000 00631nam a22002055i 4500
001 176610
003 ES-MaACL
005 20230906220134.0
008 110126s2010 sp |||| | spa d
020 _a978-84-614-1805-3
080 _a821.134.2-14"19"
100 1 _aCasala, Carmina.
_936061
245 1 0 _aPoesía 8++ /
_cCarmina Casala.
260 _a[Madrid] :
_bLibertad 8 :
_bAbsurda Fábula,
_cD. L. 2010.
300 _a31 p. ;
_c17 cm.
490 1 _aHazversidades poéticas ;
_v8 de septiembre
830 0 _aHazversidades poéticas ;
_v8 de septiembre
_9190178
852 _aES-MaACL
_j2270-F-4
999 _c176610
_d176610